000 00227nam a22000857a 4500
008 160914b xxu||||| |||| 00| 0 eng d
100 _9433
_aMazumdas.I
245 _aPhysical Education-XI
260 _aNew Delhi
_bL.P. Publications
_c2011
999 _c3092
_d3092